Boy Scout Oath - Statistics

General Stats
  • This quiz has been taken 34 times
  • The average score is 8 of 9
Answer Stats
Sentence Missing Word % Correct
On my ______, Honor
100%
I will do my ______, Best
96%
To God and my _______ Country
93%
And to obey the Scout ____, Law
93%
To help other people at all ______, Times
93%
To do my _____, Duty
89%
________ _________, Mentally Awake
70%
To keep myself ________ ________, Physically Strong
67%
And ________ _________. Morally Straight
63%
No matching quizzes found
Score Distribution
Percent of People with Each Score
Percentile by Number Answered
Your Score History
You have not taken this quiz